000 01314nam a22003737a 4500
003 CHAP
005 20220329141519.0
008 971013s1989 r 00010 d
010 _a69374
011 _a70346
035 _a79827
040 _cCHAP
090 _aTesis
100 0 0 _aMartínez, Adrián de Jesús.
_972656
245 _aSelección masal para adaptación en Chapingo de una población de maíz tuxpeño
260 _aMontecillo, Méx. :
_bEl autor,
_c1989
300 _a103 h.
500 _a33-28
502 _aTesis (Maestro en Ciencias Esp. en Genética) -- CP. Centro de Genética
590 _aALEPH
_b10
_c20130110
_lUCH01
_h1407
590 _aBATCH-UPD
_b10
_c20130110
_lUCH01
_h0359
590 _aBATCH-UPD
_b10
_c20130110
_lUCH01
_h2055
590 _aBATCH-UPD
_b10
_c20130410
_lUCH01
_h0032
590 _aBATCH-UPD
_b10
_c20130410
_lUCH01
_h1621
590 _aBATCH-UPD
_b10
_c20130914
_lUCH01
_h1009
590 _aCONVERSION
_b10
_c20130109
_lUCH01
_h1338
650 1 4 _aMaíz
_xEfecto del medio ambiente.
_970935
650 1 4 _aMaíz
_xSelección masal.
_971058
710 0 _aColegio de Postgraduados. Chapingo, Méx. Centro de Genética.
_925083
901 _aBK
942 _cTESIS
949 _bBC
_cTES
_d-32717
_eTS1
_h21846
_i79827
_si
949 _bBC
_cTES
_d-98344
_eTS1
_fc.2
_h21847
_i79827
_si
999 _c69374
_d69374